000 00399nam a2200145Ia 4500
008 220120s9999||||xx |||||||||||||| ||und||
020 _a9780070636774
082 _a621.382 2 RAO
100 _aRao, Ganesh, D and Tunga, Satish
245 0 _aSignals and sy ems
250 _a4th
260 _aPearson education of asia
_bNew Delhi
_c2011
300 _aXXX, 1024p.
_b615
650 _aCOMPUTER SCIENCE
999 _c132768
_d132768